000 00558nam a2200181Ia 4500
008 100920s9999 xx 000 0 und d
082 _b79922
_a24 न 01
100 _aअनु. भट अविनाश./ चेस हॅडली जेम्स
245 _aट्रॅप.
260 _bप्राजक्त प्रकाशन, पुणे.
_c2001
300 _a144
_bसाधी
365 _b120
520 _aसायो.
630 _aट्रॅप.
650 _aसायो.
730 _aट्रॅप.
942 _cBOOK
999 _c720874
_d720871